000 00502nam a2200181Ia 4500
005 20250923144344.0
008 008 250917s9999 xx 000 0 eng d
037 _aTextual
040 _aDSWL
_beng
_cDSWL
041 _aeng
_2eng
084 _aY1:1:Q, H8
_qDSWL
100 _aMajor, H.D.A
_9824036
245 0 _aCivilization and religious values
_cby H.D.A Major
260 _aLondon
_c1948
300 _a140 p.
942 _cTEXL
_hY1:1:Q, H8
999 _c1437842
_d1437842